Blood sisters : the French Revolution in women's memory
Αποθηκεύτηκε σε:
| Κύριος συγγραφέας: | |
|---|---|
| Μορφή: | Βιβλίο |
| Γλώσσα: | English |
| Δημοσίευση: |
London :
Pandora,
1995.
|
| Θέματα: | |
| Ετικέτες: |
Προσθήκη ετικέτας
Δεν υπάρχουν, Καταχωρήστε ετικέτα πρώτοι!
|
MARC
| LEADER | 00000cam a2200000 i 4500 | ||
|---|---|---|---|
| 001 | 1/35590 | ||
| 008 | 030513s1995 enk| ||| |||| ||eng|| | ||
| 020 | |a 0044409184 | ||
| 035 | |l 10069905 | ||
| 040 | |a GR-MyUA |b gre |e AACR2 | ||
| 041 | 0 | |a eng | |
| 082 | 0 | |a 944.0482 | |
| 100 | 1 | |a Yalom, Marilyn. | |
| 245 | 1 | 0 | |a Blood sisters : |b the French Revolution in women's memory / |c Marilyn Yalom. |
| 260 | |a London : |b Pandora, |c 1995. | ||
| 300 | |a 308 σ. : |b εικ. ; |c 21 εκ. | ||
| 504 | |a Περιέχει ευρετήριο. | ||
| 650 | 0 | 0 | |a Autobiography |x Women authors. |
| 650 | 0 | 0 | |a French prose literature |x Women authors. |
| 651 | 0 | |a France |x History |y Revolution, 1789-1799 |x Personal narratives, French. | |
| 651 | 0 | |a France |x History |y Revolution, 1789-1799 |x Women. | |
| 767 | 0 | 8 | |i Μεταφρασμένο ως: |t Ο καιρός των καταιγίδων : |
| 852 | |a INST |b LESVOS |e 20030513 |h 944.0482 YAL |p 005100024614 |q 005100024614 |t BK |y 0 | ||
| 901 | |a BIBL1-2003-2 | ||
| 909 | |a Λ |b 104363 | ||
| 922 | |a 1ΕΛΗ |b 200301 |c ΕΠΕΑΕΚ2/ΤΚΑ |d ΠΑΠΑΣΩΤΗΡΙΟΥ & ΕΛΕΥΘΕΡΟΥΔΑΚΗΣ | ||
| 950 | |a 117-2002-09-20 | ||
| 970 | |a ΚΑΜΑΤΣΟΥ |b ΔΕΣΠΟΙΝΑ |z 2003/05/29 | ||